000 00602cab a2200205 4500
001 ABS44717
008 090401t1991 xxu||||| |||| 00| 0 eng d
035 _a(Sirsi) u48729
041 _aeng
100 _aVan den Bos, J.
245 4 _aThe Champagne loses its sparkle
260 _c1991
350 _a0
490 _aEuroProperty
_vMay 1991, 14-19(5)
520 _aExamines the commercial property market of Paris where capital values of some properties in its central business area have fallen by 25%.
650 _aFRANCE
690 _aOVERSEAS-EUROPE
942 _n0
948 _c04/03/1997
999 _c30604
_d30604